Clubs participants à la phase de ligue de la LDC 2025-2026 - Statistiques

Statistiques générales
  • Ce quiz a été pris 126 fois
  • Le résultat moyen est 26 sur 36
Statistiques - réponses
Hint Equipes % Correct
France psg
96%
Allemagne bayern
95%
Espagne real
95%
Angleterre arsenal
94%
Italie inter
93%
Allemagne dortmund
91%
Angleterre manchester city
91%
Angleterre liverpool
90%
France monaco
89%
Angleterre chelsea
88%
Espagne barcelone
87%
Italie juve
87%
Portugal benfica
86%
France marseille
86%
Portugal sporting
86%
Espagne atletico madrid
81%
Turquie galatasaray
80%
Angleterre newcastle
80%
Pays bas ajax
76%
Pays bas psv
76%
Angleterre tottenham
73%
Italie atalanta
67%
Norvège bodo glimt
67%
Italie napoli
64%
Allemagne bayer leverkusen
59%
Grèce olympiakos
58%
Espagne villarreal
56%
Chypre pafos
52%
Danemark copenhague
51%
azerbaïdjan qarabag
51%
Espagne bilbao
50%
Kazakhstan kairat almaty
44%
Tchéquie slavia prague
41%
Allemagne francfort
40%
Belgique club brugge
31%
Belgique royale union sg
4%
Aucun quiz correspondant
Distribution des résultats
% des personnes avec chaque résultat
Percentile par nombre de réponses
Votre historique - résultats
Vous n’avez pas pris ce quiz